Soldant amb sal : les dissolucions químiques / Laura Civantos, Rafael Costa, Rosa Llobera les dissolucions químiques / Laura Civantos, Rafael Costa, Rosa Llobera
Descripción Física:
60 p. : il. ; 20 x 21 cm
Colección:
Biblioteca de la classe ; 27
Materias:
Química
MARC
| LEADER | 00000nam a2200000Ia 4500 | ||
|---|---|---|---|
| 001 | 7601 | ||
| 008 | 160829s1987 xx 000 0 cat d | ||
| 080 | |a C-1-387 | ||
| 100 | |a Civantos, Laura |9 34819 | ||
| 245 | |a Soldant amb sal : |b les dissolucions químiques / Laura Civantos, Rafael Costa, Rosa Llobera | ||
| 260 | |a Barcelona : |b Graó : |b Diputació de Barcelona, Servei d' Ensenyament i Investigació, |c 1987 | ||
| 300 | |a 60 p. : |b il. ; |c 20 x 21 cm | ||
| 490 | |a Biblioteca de la classe ; 27 | ||
| 650 | |a Química |9 30926 | ||
| 700 | |a Costa, Rafael |9 34820 | ||
| 700 | |a Llobera, Rosa |9 34821 | ||
| 710 | 1 | |a Barcelona (Catalunya : Província). |b Servei d'Ensenyament i Investigació |9 54366 | |
| 901 | |a Arxiu | ||
| 942 | |n 1 | ||
| 952 | |0 0 |1 0 |4 0 |6 C1387 |7 1 |9 46652 |a Arxiu |b Arxiu |d 2016-12-01 |l 0 |o C-1-387 |p 7601 |r 2016-12-01 00:00:00 |w 2016-12-01 |y ARXIU | ||
| 999 | |c 50445 |d 50445 | ||